000 01303cam a2200337 a 4500
001 17024135
003 SISC
005 20160601095032.0
008 111028s2012 nyu c 000 1 eng
010 _a 2011035027
020 _a9780142426050
040 _aDLC
_cDLC
_dDLC
042 _alcac
_apcc
050 0 0 _aPZ 7 .T8488
_bThr 2012
082 0 0 _a[Fic]
100 1 _aTurnage, Sheila.
245 1 0 _aThree times lucky /
_cby Sheila Turnage.
260 _aNew York :
_bPuffin Books,
_cc2012.
300 _a312 p. ;
_c22 cm.
520 _aWashed ashore as a baby in tiny Tupelo Landing, North Carolina, Mo LoBeau, now eleven, and her best friend Dale turn detective when the amnesiac Colonel, owner of a café and co-parent of Mo with his cook, Miss Lana, seems implicated in a murder.
650 1 _aMystery and detective stories.
650 1 _aRestaurants
_vFiction.
650 1 _aCommunity life
_zNorth Carolina
_vFiction.
650 1 _aIdentity
_vFiction.
650 1 _aMurder
_vFiction.
650 1 _aFoundlings
_vFiction.
651 1 _aNorth Carolina
_vFiction.
906 _a7
_bcbc
_corignew
_d1
_eecip
_f20
_gy-gencatlg
942 _2lcc
_cBK
999 _c294955
_d294955